[Event "European Seniors Teams Ch."]
[Site "Olympus"]
[Date "2011.05.08"]
[Round "6"]
[Board "3"]
[White "Aftsoglou, Ioannis"]
[Black "Ozbilen, Hayri"]
[Result "1-0"]
[WhiteElo "2168"]
[BlackElo "2059"]
[PlyCount "65"]
[EventDate "2011.05.03"]
[EventType "team"]
[EventRounds "9"]
[EventCountry "GRE"]
[WhiteTeam "Greece"]
[BlackTeam "Turkey"]

1.c4 c5 2.Nc3 Nc6 3.g3 g6 4.Bg2 Bg7 5.d3 d6 6.e3 e5 7.Nge2 Nge7 8.O-O O-O 9.a3
Be6 10.Nd5 Bg4 11.Rb1 Rb8 12.h3 Bc8 13.b4 b6 14.b5 Nxd5 15.bxc6 Ne7 16.Nc3 a6
17.Qa4 e4 18.Nxe4 Qc7 19.Bb2 b5 20.Qc2 f6 21.cxb5 axb5 22.Nc3 Nxc6 23.Nxb5 Qd7
24.a4 Nd8 25.d4 Ne6 26.dxc5 Nxc5 27.Rfd1 Nxa4 28.Bc6 Qf5 29.Qxa4 Rb6 30.Nxd6
Qxh3 31.Bd4 Ra6 32.Qc4+ Qe6 33.Bd5 1-0

[Event "European Seniors Teams Ch."]
[Site "Olympus"]
[Date "2011.05.08"]
[Round "6"]
[Board "4"]
[White "Bapoglu, Ibrahim"]
[Black "Kaloskambis, Mihail"]
[Result "0-1"]
[WhiteElo "1828"]
[BlackElo "2041"]
[PlyCount "124"]
[EventDate "2011.05.03"]
[EventType "team"]
[EventRounds "9"]
[EventCountry "GRE"]
[WhiteTeam "Turkey"]
[BlackTeam "Greece"]

1.e4 c5 2.Nf3 Nf6 3.Nc3 d5 4.Bb5+ Bd7 5.Bxd7+ Qxd7 6.exd5 Nxd5 7.O-O Nc6 8.d3 e6
9.Qe2 Be7 10.Ne5 Nxe5 11.Qxe5 Bf6 12.Qg3 Nxc3 13.bxc3 Bxc3 14.Rb1 O-O 15.Rb3 Bf6
16.h4 Rad8 17.h5 b6 18.h6 g6 19.Bf4 Qd5 20.Re1 Qh5 21.a4 Rd5 22.a5 Bh4 23.Qe3
bxa5 24.Rb7 Bg5 25.Bxg5 Rxg5 26.Rxa7 Qxh6 27.Rxa5 Qh5 28.d4 Rc8 29.g3 Rf5
30.Rxc5 Rfxc5 31.dxc5 Qxc5 32.Qxc5 Rxc5 33.Rc1 e5 34.Kf1 f5 35.c4 Kf7 36.Ke2 Ke6
37.Kd3 Rc7 38.Ra1 Kd6 39.Ra5 Re7 40.Ra6+ Kc5 41.Ra5+ Kb6 42.Rb5+ Kc6 43.Ra5 Rd7+
44.Kc3 e4 45.Ra6+ Kc5 46.Ra5+ Kb6 47.Rb5+ Kc6 48.Rb2 h5 49.Ra2 Rd3+ 50.Kb4 g5
51.Ra6+ Kb7 52.Rf6 Rf3 53.Kb5 Rxf2 54.Rf7+ Kc8 55.c5 f4 56.Kc6 fxg3 57.Rg7 Rf6+
58.Kd5 g4 59.Rg8+ Kc7 60.Rg7+ Kd8 61.Rg8+ Kd7 62.c6+ Rxc6 0-1

[Event "European Seniors Teams Ch."]
[Site "Olympus"]
[Date "2011.05.09"]
[Round "7"]
[Board "1"]
[White "Rantanen, Yrjo A"]
[Black "Vasiukov, Evgeni"]
[Result "1/2-1/2"]
[WhiteElo "2373"]
[BlackElo "2480"]
[PlyCount "52"]
[EventDate "2011.05.03"]
[EventType "team"]
[EventRounds "9"]
[EventCountry "GRE"]
[WhiteTeam "Finland 1"]
[BlackTeam "Russia"]

1.e4 c5 2.Nf3 Nc6 3.d4 cxd4 4.Nxd4 Nf6 5.Nc3 d6 6.Bg5 e6 7.Qd2 Qb6 8.Nb3 a6
9.Be2 Bd7 10.Be3 Qc7 11.g4 h6 12.a3 b5 13.f4 Rc8 14.O-O Be7 15.Rad1 O-O 16.h4
Rfd8 17.g5 Nh7 18.Bf3 Be8 19.Qg2 g6 20.Rd2 b4 21.axb4 Rb8 22.h5 Rxb4 23.hxg6
fxg6 24.gxh6 Bf7 25.Kh1 Kh8 26.Rfd1 Rg8 1/2-1/2

[Event "European Seniors Teams Ch."]
[Site "Olympus"]
[Date "2011.05.09"]
[Round "7"]
[Board "2"]
[White "Shvedchikov, Anatoli I"]
[Black "Westerinen, Heikki M J"]
[Result "1-0"]
[WhiteElo "2412"]
[BlackElo "2350"]
[PlyCount "79"]
[EventDate "2011.05.03"]
[EventType "team"]
[EventRounds "9"]
[EventCountry "GRE"]
[WhiteTeam "Russia"]
[BlackTeam "Finland 1"]

1.c4 e5 2.Nc3 Bb4 3.Nd5 Bc5 4.Nf3 c6 5.Nc3 d6 6.e3 Nf6 7.d4 exd4 8.exd4 Bb6
9.Qe2+ Qe7 10.Bf4 Be6 11.O-O-O d5 12.Ng5 dxc4 13.Nxe6 Qxe6 14.Qxe6+ fxe6 15.Bxc4
Kd7 16.Rhe1 Re8 17.Be5 Ba5 18.Re3 Bxc3 19.bxc3 b5 20.Bb3 Re7 21.Bxf6 gxf6
22.Rde1 e5 23.dxe5 fxe5 24.Rxe5 Rg7 25.g3 Na6 26.f4 Rf8 27.Bc2 Rf6 28.Bf5+ Kd6
29.Re6+ Rxe6 30.Rxe6+ Kd5 31.Rh6 Re7 32.Kd2 b4 33.Rxh7 bxc3+ 34.Kxc3 Re3+ 35.Kd2
Ra3 36.Rxa7 Rxa2+ 37.Bc2 Kc5 38.f5 Kb6 39.Ra8 Kb7 40.f6 1-0

[Event "European Seniors Teams Ch."]
[Site "Olympus"]
[Date "2011.05.09"]
[Round "7"]
[Board "3"]
[White "Hurme, Harri"]
[Black "Pushkov, Nikolai"]
[Result "1/2-1/2"]
[WhiteElo "2277"]
[BlackElo "2406"]
[PlyCount "97"]
[EventDate "2011.05.03"]
[EventType "team"]
[EventRounds "9"]
[EventCountry "GRE"]
[WhiteTeam "Finland 1"]
[BlackTeam "Russia"]

1.d4 Nf6 2.c4 e6 3.Nc3 d5 4.Bg5 Nbd7 5.Nf3 c6 6.e4 dxe4 7.Nxe4 h6 8.Bxf6 Nxf6
9.Nc3 Bb4 10.Bd3 O-O 11.O-O c5 12.a3 Bxc3 13.bxc3 Qa5 14.Qc2 Rd8 15.h3 Bd7
16.Qb2 Ba4 17.Rae1 Bc6 18.Ne5 cxd4 19.cxd4 Qb6 20.Qxb6 axb6 21.Re3 Rxd4 22.Rb1
Kf8 23.Be2 Nd7 24.Nxd7+ Rxd7 25.Rxb6 Rd4 26.Rb4 Re4 27.Rbb3 Rxe3 28.Rxe3 Ra4
29.f4 g6 30.g4 g5 31.fxg5 hxg5 32.Kf2 Ke7 33.Kg3 Kd6 34.h4 gxh4+ 35.Kxh4 Ra5
36.Bf3 Ra4 37.Be2 e5 38.Kg5 Ke6 39.Rh3 f6+ 40.Kg6 b6 41.Rb3 Be4+ 42.Kh5 Ra8
43.Kh4 Kf7 44.Rxb6 Rxa3 45.g5 fxg5+ 46.Kxg5 Rg3+ 47.Kh4 Rc3 48.Kg5 Ke7 49.Bg4 1/2-1/2

[Event "European Seniors Teams Ch."]
[Site "Olympus"]
[Date "2011.05.09"]
[Round "7"]
[Board "4"]
[White "Mishuchkov, Nikolai M"]
[Black "Havansi, Erkki E T"]
[Result "1-0"]
[WhiteElo "2403"]
[BlackElo "2248"]
[PlyCount "147"]
[EventDate "2011.05.03"]
[EventType "team"]
[EventRounds "9"]
[EventCountry "GRE"]
[WhiteTeam "Russia"]
[BlackTeam "Finland 1"]

1.Nf3 Nf6 2.c4 e6 3.g3 c5 4.Bg2 Be7 5.O-O O-O 6.d4 cxd4 7.Nxd4 Qc7 8.Nd2 a6 9.b3
d6 10.Bb2 Bd7 11.Rc1 Nc6 12.N2f3 Rfd8 13.Qc2 Rac8 14.Qb1 Qb8 15.Ng5 Nxd4 16.Bxd4
e5 17.Bb6 Re8 18.Bd5 Rf8 19.Bf3 h6 20.Ne4 Nxe4 21.Qxe4 Bc6 22.Qf5 Bxf3 23.exf3
Rc6 24.Be3 Qc8 25.Qe4 Qe6 26.Rcd1 f5 27.Qd5 Qxd5 28.Rxd5 f4 29.gxf4 exf4 30.Bd4
Rf7 31.Re1 Kf8 32.Kf1 Bf6 33.Re6 Bxd4 34.Rxd4 Rf6 35.Rxf6+ gxf6 36.Rxf4 Kf7
37.Rh4 Kg6 38.Rd4 Kf5 39.Ke2 b5 40.Kd3 bxc4+ 41.Rxc4 Rb6 42.Rh4 Kg5 43.Ra4 Kf5
44.Ke3 Rc6 45.Ra5+ Ke6 46.Kd3 f5 47.Ra4 Kf6 48.Rh4 Kg5 49.Rd4 Kf6 50.b4 Ke5
51.f4+ Ke6 52.Rc4 Rb6 53.Kc3 Kd5 54.Rd4+ Kc6 55.Rc4+ Kd5 56.a4 Rb8 57.Rc7 Re8
58.Ra7 Rc8+ 59.Kb3 Rc6 60.b5 axb5 61.Ra5 Ke4 62.axb5 Rc1 63.Ra4+ Kf3 64.Rb4 Kxf2
65.b6 Rc8 66.b7 Rb8 67.Kc4 Kg2 68.Kd5 Kxh2 69.Kxd6 h5 70.Kc7 Rf8 71.b8=Q Rxb8
72.Kxb8 Kg3 73.Kc7 h4 74.Kd6 1-0

[Event "European Seniors Teams Ch."]
[Site "Olympus"]
[Date "2011.05.09"]
[Round "7"]
[Board "1"]
[White "Tseitlin, Mark D"]
[Black "Ivanovic, Bozidar"]
[Result "1-0"]
[WhiteElo "2419"]
[BlackElo "2409"]
[PlyCount "79"]
[EventDate "2011.05.03"]
[EventType "team"]
[EventRounds "9"]
[EventCountry "GRE"]
[WhiteTeam "Israel 1"]
[BlackTeam "Montenegro"]

1.e4 c5 2.Nf3 d6 3.d4 cxd4 4.Qxd4 Nc6 5.Bb5 Bd7 6.Bxc6 Bxc6 7.Nc3 Nf6 8.Bg5 e6
9.Qd3 Be7 10.Nd4 O-O 11.O-O-O Rc8 12.f4 Qa5 13.Kb1 Rfd8 14.h4 a6 15.f5 Bd7 16.g4
b5 17.Nce2 Re8 18.Nf4 Bd8 19.Nh5 Nxh5 20.gxh5 exf5 21.exf5 b4 22.Rhg1 Qe5 23.Bh6
Bf6 24.Bxg7 Bxg7 25.h6 Qf6 26.Rxg7+ Kh8 27.Ne6 Bxe6 28.fxe6 Qxh6 29.exf7 Qxg7
30.fxe8=Q+ Rxe8 31.Qxd6 a5 32.b3 h6 33.Qa6 Rf8 34.Qxa5 Qg4 35.Qe5+ Kh7 36.Rd4
Qg1+ 37.Kb2 Rf7 38.Rxb4 Qg6 39.Qe4 Rf5 40.Rb7+ 1-0

[Event "European Seniors Teams Ch."]
[Site "Olympus"]
[Date "2011.05.09"]
[Round "7"]
[Board "2"]
[White "Zivkovic, Ljubo"]
[Black "Birnboim, Nathan"]
[Result "0-1"]
[WhiteElo "2270"]
[BlackElo "2362"]
[PlyCount "45"]
[EventDate "2011.05.03"]
[EventType "team"]
[EventRounds "9"]
[EventCountry "GRE"]
[WhiteTeam "Montenegro"]
[BlackTeam "Israel 1"]

1.c4 e6 2.Nf3 Nf6 3.g3 d5 4.Bg2 Be7 5.d4 O-O 6.O-O dxc4 7.Qc2 a6 8.Qxc4 b5 9.Qc2
Bb7 10.Bd2 Nc6 11.Rc1 Nxd4 12.Nxd4 Bxg2 13.Nxe6 Qd7 14.Kxg2 Qxe6 15.Qc6 Bd6
16.Be3 Ng4 17.Bf4 Qxe2 18.Rc2 Qe1 19.h3 Bxf4 20.hxg4 Bd6 21.Qc3 Qd1 22.g5 Rae8
23.Qd2 0-1

[Event "European Seniors Teams Ch."]
[Site "Olympus"]
[Date "2011.05.09"]
[Round "7"]
[Board "3"]
[White "Maryasin, Boris"]
[Black "Raicevic, Momcilo"]
[Result "0-1"]
[WhiteElo "2323"]
[BlackElo "2364"]
[PlyCount "34"]
[EventDate "2011.05.03"]
[EventType "team"]
[EventRounds "9"]
[EventCountry "GRE"]
[WhiteTeam "Israel 1"]
[BlackTeam "Montenegro"]

1.e4 c6 2.d4 d5 3.e5 g6 4.c4 Bg7 5.Nc3 Nh6 6.cxd5 cxd5 7.Qb3 O-O 8.Qxd5 Nc6
9.Be3 Qxd5 10.Nxd5 Rd8 11.Nc3 Nf5 12.Nf3 Nfxd4 13.Bxd4 Nxd4 14.O-O-O Bh6+ 15.Nd2
Bg4 16.f3 Nxf3 17.gxf3 Bxf3 0-1

[Event "European Seniors Teams Ch."]
[Site "Olympus"]
[Date "2011.05.09"]
[Round "7"]
[Board "4"]
[White "Dragasevic, Srdja"]
[Black "Kraidman, Yair"]
[Result "1/2-1/2"]
[WhiteElo "2266"]
[BlackElo "2260"]
[PlyCount "23"]
[EventDate "2011.05.03"]
[EventType "team"]
[EventRounds "9"]
[EventCountry "GRE"]
[WhiteTeam "Montenegro"]
[BlackTeam "Israel 1"]

1.d4 d5 2.Bg5 c6 3.e3 Bf5 4.Nf3 h6 5.Bh4 Nd7 6.Be2 Ngf6 7.O-O e6 8.c4 Be7 9.Nc3
Ne4 10.Bxe7 Qxe7 11.Qb3 Rb8 12.Rac1 1/2-1/2

[Event "European Seniors Teams Ch."]
[Site "Olympus"]
[Date "2011.05.09"]
[Round "7"]
[Board "2"]
[White "Hoelzl, Franz"]
[Black "Sloth, Jorn"]
[Result "1/2-1/2"]
[WhiteElo "2342"]
[BlackElo "2310"]
[PlyCount "138"]
[EventDate "2011.05.03"]
[EventType "team"]
[EventRounds "9"]
[EventCountry "GRE"]
[WhiteTeam "Austria"]
[BlackTeam "Denmark 1"]

1.d4 e6 2.Nf3 Nf6 3.g3 b6 4.Bg2 Bb7 5.O-O c5 6.c4 cxd4 7.Qxd4 Nc6 8.Qf4 Na5
9.Rd1 Rc8 10.Ne5 d6 11.Bxb7 Nxb7 12.b3 Qc7 13.Ng4 Nxg4 14.Qxg4 h5 15.Qd4 h4
16.Nc3 hxg3 17.hxg3 Qc5 18.Qe4 Qc6 19.Bb2 Be7 20.Qxc6+ Rxc6 21.Nb5 a6 22.Nd4 Rc8
23.Nf3 Bf6 24.Bxf6 gxf6 25.Kg2 f5 26.Nd4 Ke7 27.Rh1 Na5 28.Kf3 Kf6 29.Ke3 Rcd8
30.Rac1 Rxh1 31.Rxh1 Rb8 32.f4 Rg8 33.Kf2 Nb7 34.Nf3 Nc5 35.Ng5 Ne4+ 36.Nxe4+
fxe4 37.Rd1 Ke7 38.a4 f5 39.Rh1 Kd7 40.Rh7+ Kc6 41.Re7 Rg6 42.b4 a5 43.b5+ Kc5
44.Rc7+ Kb4 45.Rc6 Kxa4 46.Rxb6 Kb4 47.Rxd6 a4 48.b6 Rg8 49.Rxe6 Rb8 50.g4 a3
51.Re7 Rxb6 52.Ra7 fxg4 53.Kg3 Kb3 54.Kxg4 Rc6 55.f5 a2 56.Kf4 Rxc4 57.Rxa2 Kxa2
58.f6 e3+ 59.Kxe3 Rc6 60.Kd4 Rxf6 61.e4 Kb3 62.e5 Rf1 63.e6 Kb4 64.Kd5 Rd1+
65.Kc6 Re1 66.Kd6 Kb5 67.e7 Kb6 68.Kd7 Rd1+ 69.Ke6 Kc7 1/2-1/2

[Event "European Seniors Teams Ch."]
[Site "Olympus"]
[Date "2011.05.09"]
[Round "7"]
[Board "3"]
[White "Brinck-Claussen, Bjorn"]
[Black "Ager, Josef"]
[Result "1-0"]
[WhiteElo "2271"]
[BlackElo "2188"]
[PlyCount "77"]
[EventDate "2011.05.03"]
[EventType "team"]
[EventRounds "9"]
[EventCountry "GRE"]
[WhiteTeam "Denmark 1"]
[BlackTeam "Austria"]

1.e4 e5 2.Nf3 Nc6 3.Bb5 a6 4.Ba4 Nf6 5.O-O Be7 6.Re1 b5 7.Bb3 d6 8.c3 O-O 9.h3
Bb7 10.d4 Re8 11.Nbd2 Bf8 12.d5 Nb8 13.a4 h6 14.axb5 axb5 15.Rxa8 Bxa8 16.Nf1
Nbd7 17.Ng3 g6 18.Bd2 c6 19.dxc6 Bxc6 20.Qc1 Nc5 21.Bc2 Kh7 22.b4 Ne6 23.Nh2 Bg7
24.Nf3 Qc7 25.h4 h5 26.Ng5+ Nxg5 27.hxg5 Nd7 28.Qd1 Rh8 29.Be3 Bf8 30.Qf3 Kg7
31.Ra1 Be7 32.Ra7 Qc8 33.Bb3 Rf8 34.Nxh5+ gxh5 35.Qxh5 Bxe4 36.Qh6+ Kg8 37.g6
Nf6 38.Rxe7 d5 39.g7 1-0

[Event "European Seniors Teams Ch."]
[Site "Olympus"]
[Date "2011.05.09"]
[Round "7"]
[Board "4"]
[White "Woeber, Friedrich"]
[Black "Jorgensen, Jorgen"]
[Result "1/2-1/2"]
[WhiteElo "2172"]
[BlackElo "2221"]
[PlyCount "59"]
[EventDate "2011.05.03"]
[EventType "team"]
[EventRounds "9"]
[EventCountry "GRE"]
[WhiteTeam "Austria"]
[BlackTeam "Denmark 1"]

1.e4 Nf6 2.Nc3 d5 3.e5 Nfd7 4.d4 c5 5.f4 e6 6.Nf3 Nc6 7.Be3 a6 8.dxc5 Bxc5
9.Bxc5 Nxc5 10.Qd2 b5 11.Bd3 b4 12.Ne2 Qb6 13.O-O-O a5 14.Ned4 Nxd4 15.Nxd4 Ba6
16.Bxa6 Rxa6 17.f5 Ne4 18.Qf4 O-O 19.Rhf1 Qd8 20.Rde1 exf5 21.Nxf5 Rg6 22.Re2
Re8 23.Rd1 Qg5 24.Qxg5 Rxg5 25.Rxd5 Rxf5 26.Rxe4 Ra8 27.Kd2 g6 28.Ke2 Rc8 29.Kd3
Rf2 30.Rxa5 1/2-1/2

[Event "European Seniors Teams Ch."]
[Site "Olympus"]
[Date "2011.05.09"]
[Round "7"]
[Board "1"]
[White "Rodriguez Vargas, Orestes"]
[Black "Uhlmann, Wolfgang"]
[Result "1/2-1/2"]
[WhiteElo "2405"]
[BlackElo "2389"]
[PlyCount "154"]
[EventDate "2011.05.03"]
[EventType "team"]
[EventRounds "9"]
[EventCountry "GRE"]
[WhiteTeam "Catalonia"]
[BlackTeam "Germany"]

1.d4 Nf6 2.c4 c5 3.Nf3 cxd4 4.Nxd4 Nc6 5.Nc3 g6 6.e4 d6 7.Be2 Nxd4 8.Qxd4 Bg7
9.Bg5 O-O 10.Qd2 Bd7 11.O-O a6 12.Rfd1 Bc6 13.Bd3 Nd7 14.b4 b6 15.f4 Re8 16.Rac1
a5 17.a3 Qb8 18.Kh1 axb4 19.axb4 Ra3 20.Nd5 Kf8 21.Qe2 e6 22.Ne3 Qa8 23.Bc2 Nf6
24.e5 dxe5 25.fxe5 Ne4 26.Bxe4 Bxe4 27.Ng4 h6 28.Bf6 Ra2 29.Rd2 Bxg2+ 30.Kg1 Bf3
31.Rxa2 Bxe2 32.Rxa8 Rxa8 33.Ne3 Bxf6 34.exf6 Ke8 35.Kf2 Ra2 36.Kg3 Kd7 37.Kf4
Rb2 38.Ra1 Rxb4 39.Ra7+ Kd6 40.Rxf7 Bxc4 41.Ra7 e5+ 42.Kg3 Be6 43.Rb7 Rf4
44.Rxb6+ Kd7 45.Rb5 Re4 46.Kf3 Rh4 47.Rxe5 Rxh2 48.Ra5 Rh3+ 49.Kf2 Ke8 50.Ra7
Kf8 51.Re7 Bf7 52.Ng4 Rh5 53.Kg3 Rg5 54.Kh4 Rf5 55.Re5 Rf1 56.Ra5 Be8 57.Ra7 g5+
58.Kg3 h5 59.Nh2 Rxf6 60.Ra5 Rg6 61.Nf3 g4 62.Rf5+ Kg7 63.Ne5 Rb6 64.Nxg4 hxg4
65.Rg5+ Kf6 66.Rxg4 Rb3+ 67.Kf2 Kf5 68.Rg3 Rb2+ 69.Ke3 Bc6 70.Kd4 Kf4 71.Rg8 Be4
72.Rf8+ Bf5 73.Re8 Rc2 74.Re7 Rd2+ 75.Kc4 Be4 76.Kc3 Rd8 77.Ra7 Rd6 {...inc  116
moves} 1/2-1/2

[Event "European Seniors Teams Ch."]
[Site "Olympus"]
[Date "2011.05.09"]
[Round "7"]
[Board "2"]
[White "Hecht, Hans-Joachim"]
[Black "Simon Padros, Emili"]
[Result "1/2-1/2"]
[WhiteElo "2377"]
[BlackElo "2281"]
[PlyCount "81"]
[EventDate "2011.05.03"]
[EventType "team"]
[EventRounds "9"]
[EventCountry "GRE"]
[WhiteTeam "Germany"]
[BlackTeam "Catalonia"]

1.Nf3 e6 2.c4 f5 3.g3 Nf6 4.Bg2 d5 5.O-O c6 6.d4 Bd6 7.Nbd2 O-O 8.Ne1 Nbd7 9.Nd3
Qe7 10.Qc2 Ne4 11.Nf3 b6 12.cxd5 cxd5 13.Bf4 Bb7 14.Rfc1 Rfc8 15.Qa4 a5 16.Bxd6
Nxd6 17.Nfe5 Nxe5 18.Nxe5 Ba6 19.Qb3 Bc4 20.Qe3 Bb5 21.h4 Kf8 22.Bf3 Nc4 23.Nxc4
Rxc4 24.b3 Rxc1+ 25.Rxc1 Qd6 26.Qe5 Qxe5 27.dxe5 a4 28.bxa4 Rxa4 29.Rb1 Bd7
30.Rxb6 Rxa2 31.Rb8+ Ke7 32.Rh8 h6 33.Bh5 g6 34.Bxg6 Rxe2 35.Rh7+ Kd8 36.Rxh6 d4
37.Rh8+ Kc7 38.Rh7 Kc8 39.Rh8+ Kc7 40.Rh7 Kc8 41.Rh8+ 1/2-1/2

[Event "European Seniors Teams Ch."]
[Site "Olympus"]
[Date "2011.05.09"]
[Round "7"]
[Board "3"]
[White "Buxade Roca, Guillermo"]
[Black "Klundt, Klaus"]
[Result "0-1"]
[WhiteElo "2173"]
[BlackElo "2379"]
[PlyCount "108"]
[EventDate "2011.05.03"]
[EventType "team"]
[EventRounds "9"]
[EventCountry "GRE"]
[WhiteTeam "Catalonia"]
[BlackTeam "Germany"]

1.e4 c5 2.Nc3 Nc6 3.g3 g6 4.Bg2 Bg7 5.d3 d6 6.Be3 Rb8 7.Qd2 b5 8.f4 b4 9.Nd1 e6
10.Ne2 Nd4 11.O-O Ne7 12.Nc1 O-O 13.c3 bxc3 14.bxc3 Ndc6 15.Ne2 f5 16.Nf2 Qa5
17.exf5 gxf5 18.Rab1 Ba6 19.Qc2 Nd5 20.Bd2 c4 21.Rxb8 Rxb8 22.Rb1 Rxb1+ 23.Qxb1
cxd3 24.Nxd3 Qb5 25.Qxb5 Bxb5 26.Ndc1 Bc4 27.Kf2 Kf7 28.Bf3 Bf6 29.Nb3 e5
30.fxe5 dxe5 31.Nbc1 Bd8 32.Bxd5+ Bxd5 33.Nb3 a5 34.Be3 Be7 35.Ke1 a4 36.Nbc1
Na5 37.Ba7 Ke6 38.Kd1 Bg5 39.Kc2 Be4+ 40.Kd1 Nc4 41.Bf2 Kd5 42.Ba7 h5 43.Ke1 Nb2
44.Bb6 Nc4 45.Ba7 Bc2 46.Kf2 Ke4 47.Kf1 h4 48.Kg2 hxg3 49.Nxg3+ Kd5 50.Nce2 f4
51.Nf1 Bb1 52.Kf3 Bxa2 53.Kg4 Bh6 54.h4 Bb1 0-1

[Event "European Seniors Teams Ch."]
[Site "Olympus"]
[Date "2011.05.09"]
[Round "7"]
[Board "4"]
[White "Werner, Clemens"]
[Black "Lluverol Torrents, Salvador"]
[Result "1-0"]
[WhiteElo "2344"]
[BlackElo "2025"]
[PlyCount "71"]
[EventDate "2011.05.03"]
[EventType "team"]
[EventRounds "9"]
[EventCountry "GRE"]
[WhiteTeam "Germany"]
[BlackTeam "Catalonia"]

1.e4 c5 2.c3 Nf6 3.e5 Nd5 4.Nf3 Nc6 5.d4 cxd4 6.cxd4 d6 7.Bc4 Nb6 8.Bb5 dxe5
9.Nxe5 Bd7 10.Nxd7 Qxd7 11.Nc3 Rd8 12.Qf3 e6 13.Bg5 Be7 14.Bxe7 Kxe7 15.Rd1 a6
16.Bxc6 Qxc6 17.Qg4 Nd5 18.O-O Nf6 19.Qh4 g5 20.Qg3 Rhg8 21.Rfe1 Nd5 22.Re5 Nxc3
23.bxc3 Rd5 24.Rde1 h6 25.f4 Rxe5 26.Rxe5 f6 27.Rc5 Qb6 28.h4 Qd6 29.Qf3 Qb6
30.Qe4 Rg7 31.a4 gxh4 32.a5 Qb3 33.d5 Qd1+ 34.Kh2 Qg4 35.dxe6 Kd8 36.Qd5+ 1-0

[Event "European Seniors Teams Ch."]
[Site "Olympus"]
[Date "2011.05.09"]
[Round "7"]
[Board "1"]
[White "Pritchett, Craig W"]
[Black "Tatai, Stefano"]
[Result "1-0"]
[WhiteElo "2327"]
[BlackElo "2361"]
[PlyCount "106"]
[EventDate "2011.05.03"]
[EventType "team"]
[EventRounds "9"]
[EventCountry "GRE"]
[WhiteTeam "Scotland"]
[BlackTeam "Italy"]

1.e4 c6 2.d4 d5 3.e5 Bf5 4.Nf3 e6 5.Be2 Qb6 6.O-O Nd7 7.a4 a5 8.c3 Ne7 9.Na3 Nc8
10.b3 Be7 11.c4 O-O 12.Bf4 Qd8 13.Nc2 Ndb6 14.Ne3 Bg6 15.Qc1 Na7 16.Rd1 Rc8
17.Qb2 Na8 18.g3 Nc7 19.h4 Na6 20.Ne1 f5 21.Nd3 Qe8 22.Kg2 Nb4 23.Nxb4 Bxb4
24.c5 Rb8 25.Nc2 b6 26.Nxb4 axb4 27.cxb6 Rxb6 28.Rdc1 Bh5 29.f3 h6 30.Qd2 Qe7
31.Rc5 Rbb8 32.a5 Qb7 33.Ra4 Be8 34.Qc1 Rf7 35.Bd2 Nb5 36.Rxb4 Qa8 37.Ra4 Nc7
38.b4 Na6 39.Bxa6 Qxa6 40.Qf1 Ra7 41.Qxa6 Rxa6 42.Ra1 Bd7 43.h5 Rf8 44.Rac1 Rf7
45.g4 Ra8 46.g5 hxg5 47.Bxg5 Be8 48.Bd2 Rb7 49.Kg3 g5 50.hxg6 Rg7 51.Kf2 Rxg6
52.Rh1 Rg7 53.Rh6 Rg6 1-0

[Event "European Seniors Teams Ch."]
[Site "Olympus"]
[Date "2011.05.09"]
[Round "7"]
[Board "2"]
[White "Mariotti, Sergio"]
[Black "White, Alastair F"]
[Result "1-0"]
[WhiteElo "2329"]
[BlackElo "2102"]
[PlyCount "105"]
[EventDate "2011.05.03"]
[EventType "team"]
[EventRounds "9"]
[EventCountry "GRE"]
[WhiteTeam "Italy"]
[BlackTeam "Scotland"]

1.e4 c5 2.Nf3 e6 3.c3 Nf6 4.Bd3 Nc6 5.Bc2 e5 6.O-O d5 7.d4 dxe4 8.Nxe5 cxd4
9.Nxc6 bxc6 10.cxd4 Bd6 11.Nc3 O-O 12.Bg5 Be7 13.Re1 h6 14.Bh4 Bg4 15.Qc1 Re8
16.h3 Bf5 17.Ba4 Rc8 18.Qe3 Nd5 19.Bxe7 Rxe7 20.Qd2 Nb6 21.Rad1 Qd6 22.Bb3 c5
23.dxc5 Qxd2 24.Rxd2 Rxc5 25.Rd4 Rce5 26.Bc2 e3 27.Rd8+ Kh7 28.Bxf5+ Rxf5
29.Rxe3 Rxe3 30.fxe3 Nc4 31.e4 Rc5 32.b4 Rc7 33.Nd5 Rb7 34.Kf2 a5 35.Rc8 Nd6
36.Rc6 Nxe4+ 37.Ke3 Ng3 38.bxa5 Rb5 39.Nb6 Rxa5 40.a4 f6 41.Kd3 Nf5 42.Kc4 Re5
43.g4 Ne3+ 44.Kd4 h5 45.Rc5 hxg4 46.Rxe5 Nc2+ 47.Kc5 fxe5 48.hxg4 e4 49.Nc4 e3
50.Nxe3 Nxe3 51.a5 Nxg4 52.a6 Ne5 53.a7 1-0

[Event "European Seniors Teams Ch."]
[Site "Olympus"]
[Date "2011.05.09"]
[Round "7"]
[Board "3"]
[White "Borwell, Alan P"]
[Black "Micheli, Carlo"]
[Result "0-1"]
[WhiteElo "2056"]
[BlackElo "2258"]
[PlyCount "92"]
[EventDate "2011.05.03"]
[EventType "team"]
[EventRounds "9"]
[EventCountry "GRE"]
[WhiteTeam "Scotland"]
[BlackTeam "Italy"]

1.e4 d6 2.d4 Nf6 3.Nc3 c6 4.f3 Nbd7 5.Be3 e5 6.Bc4 h5 7.a4 Qa5 8.Nge2 h4 9.O-O
Be7 10.Qd2 Nb6 11.Bb3 Be6 12.Rad1 Nc4 13.Bxc4 Bxc4 14.b3 Bxe2 15.Nxe2 Qxd2
16.Rxd2 O-O-O 17.Rfd1 b6 18.c4 Rd7 19.Rd3 Rhd8 20.Kf2 a5 21.Nc3 Rb7 22.Bc1 exd4
23.Rxd4 Nd7 24.Bf4 Nc5 25.R4d2 Nxb3 26.Rb2 Nc5 27.Be3 Bf6 28.Bd4 Be5 29.g3 hxg3+
30.hxg3 g5 31.Bxe5 dxe5 32.Rxd8+ Kxd8 33.Rd2+ Ke7 34.Ke3 Rb8 35.f4 gxf4+ 36.gxf4
Rh8 37.Rf2 Rh3+ 38.Rf3 exf4+ 39.Kxf4 Nd3+ 40.Ke3 Rxf3+ 41.Kxf3 Ne5+ 42.Ke3 Nxc4+
43.Kd4 Nd6 44.e5 Nb7 45.Ne2 Nc5 46.Nc3 Ke6 0-1

[Event "European Seniors Teams Ch."]
[Site "Olympus"]
[Date "2011.05.09"]
[Round "7"]
[Board "4"]
[White "Rosino, Antonio"]
[Black "Mckerracher, Douglas"]
[Result "1/2-1/2"]
[WhiteElo "2248"]
[BlackElo "1945"]
[PlyCount "93"]
[EventDate "2011.05.03"]
[EventType "team"]
[EventRounds "9"]
[EventCountry "GRE"]
[WhiteTeam "Italy"]
[BlackTeam "Scotland"]

1.e4 d5 2.exd5 Qxd5 3.Nc3 Qa5 4.d4 Nf6 5.Bc4 c6 6.Bd2 Bf5 7.Qf3 e6 8.Bb3 Nbd7
9.Nge2 Bg6 10.d5 exd5 11.Nxd5 Qd8 12.Ndf4 Qc7 13.Nxg6 hxg6 14.Bf4 Qa5+ 15.c3 Be7
16.O-O g5 17.Bg3 O-O 18.Nd4 g6 19.Rfe1 Rfe8 20.Re2 Bf8 21.Rae1 Rxe2 22.Rxe2 Kg7
23.a3 c5 24.Nc2 Qb6 25.Na1 Bd6 26.Bc4 Bxg3 27.Qxg3 Re8 28.Rxe8 Nxe8 29.b3 Nef6
30.Nc2 Qc6 31.a4 Ne4 32.Qe3 Ndf6 33.f3 Nd6 34.Be2 Nf5 35.Qxg5 Qd5 36.c4 Qe5
37.Qd2 Qb2 38.Qd3 Qb1+ 39.Kf2 Qh1 40.h3 Qh2 41.Ne3 Qg3+ 42.Kf1 Nd4 43.Nd5 Nh5
44.f4 Qxd3 45.Bxd3 Nxb3 46.Kf2 Nf6 47.Nc3 1/2-1/2

[Event "European Seniors Teams Ch."]
[Site "Olympus"]
[Date "2011.05.09"]
[Round "7"]
[Board "1"]
[White "Rooze, Jan"]
[Black "Einarsson, Arnthor"]
[Result "1-0"]
[WhiteElo "2333"]
[BlackElo "2227"]
[PlyCount "101"]
[EventDate "2011.05.03"]
[EventType "team"]
[EventRounds "9"]
[EventCountry "GRE"]
[WhiteTeam "Belgium"]
[BlackTeam "Polar Bears Iceland"]

1.e4 c6 2.d4 d5 3.e5 Bf5 4.Nf3 e6 5.Be2 Nd7 6.O-O Ne7 7.Nbd2 a6 8.Nb3 b6 9.Be3
Qc7 10.Rc1 c5 11.c4 dxc4 12.Bxc4 b5 13.d5 exd5 14.Bxd5 Nxd5 15.Qxd5 Nb6 16.Qd2
Nc4 17.Qc3 Be7 18.Bxc5 Bxc5 19.Nxc5 Qxc5 20.b3 O-O 21.Nd4 Bg4 22.bxc4 Rac8 23.h3
Be6 24.Qe3 Bxc4 25.Rfd1 Rfe8 26.f4 Rcd8 27.Qf2 Qa3 28.Nf5 Rxd1+ 29.Rxd1 Qxa2
30.Qg3 g6 31.Qg5 Bd5 32.Ne3 Qe2 33.f5 f6 34.exf6 Bf7 35.Rd8 Rxd8 36.Qh6 Qxe3+
37.Qxe3 Rd7 38.Qe4 Kf8 39.Qa8+ Be8 40.fxg6 hxg6 41.Qxa6 Kf7 42.g4 g5 43.h4 gxh4
44.g5 Rc7 45.Qa2+ Rc4 46.Qe2 Bc6 47.Qe7+ Kg6 48.f7 Rg4+ 49.Kh2 Rg2+ 50.Kh3 Kh5
51.Qe1 1-0

[Event "European Seniors Teams Ch."]
[Site "Olympus"]
[Date "2011.05.09"]
[Round "7"]
[Board "3"]
[White "Schuermans, Robert"]
[Black "Finnlaugsson, Gunnar"]
[Result "1-0"]
[WhiteElo "2085"]
[BlackElo "2075"]
[PlyCount "71"]
[EventDate "2011.05.03"]
[EventType "team"]
[EventRounds "9"]
[EventCountry "GRE"]
[WhiteTeam "Belgium"]
[BlackTeam "Polar Bears Iceland"]

1.e4 e6 2.d4 d5 3.Nc3 Bb4 4.e5 c5 5.a3 Bxc3+ 6.bxc3 Ne7 7.Qg4 Qc7 8.Qxg7 Rg8
9.Qxh7 cxd4 10.Kd1 Nbc6 11.Nf3 dxc3 12.Ng5 Nxe5 13.Bf4 Qb6 14.Bxe5 Rxg5 15.Qh4
Rg8 16.Qd4 Qd8 17.Qxc3 Bd7 18.Qc7 Qxc7 19.Bxc7 Rc8 20.Be5 Ba4 21.Rc1 Nc6 22.Bb2
e5 23.g3 Ke7 24.h4 f6 25.h5 Na5 26.Rh4 e4 27.Kd2 Nc4+ 28.Bxc4 Rxc4 29.Rf4 Rc6
30.Bd4 Rg5 31.Rh4 b6 32.h6 Rc8 33.h7 Rh8 34.Rh6 Rf5 35.g4 Rf3 36.g5 1-0